|
|
|
|
| LEADER |
01171nam a22003372a 4500 |
| 001 |
000267842 |
| 003 |
CZ BrMZK |
| 005 |
20071121102917.0 |
| 007 |
ta |
| 008 |
980107s1985 xr a f cze d |
| 015 |
|
|
|a cnb000012416
|
| 035 |
|
|
|a (OCoLC)14232647
|
| 040 |
|
|
|a BOA001
|b cze
|
| 080 |
9 |
|
|a 885.0-91
|
| 080 |
9 |
|
|a 908.437.10
|
| 080 |
9 |
|
|a 77(437.1)"19"
|
| 100 |
1 |
|
|a Branald, Adolf,
|d 1910-2008
|7 jk01012955
|4 aut
|
| 245 |
1 |
0 |
|a Zrození velkoměsta /
|c Adolf Branald ; fotografický doprovod Jan Malý
|
| 250 |
|
|
|a 1. vyd.
|
| 260 |
|
|
|a Praha :
|b Panorama,
|c 1985
|
| 300 |
|
|
|a 336 s.
|
| 490 |
1 |
|
|a Pragensia
|
| 500 |
|
|
|a Frontispis
|
| 700 |
1 |
|
|a Malý, Jan,
|d 1954-2017
|7 jo20000082695
|4 pht
|
| 830 |
|
0 |
|a Pragensia (Panorama)
|0 s
|
| 856 |
4 |
1 |
|u http://www.digitalniknihovna.cz/mzk/uuid/uuid:e68962d0-7c1f-11e2-b212-005056827e52
|y Digitalizovaný dokument
|x NDK
|
| 910 |
|
|
|a BOA001
|b PK-0101.609
|b 2-0898.855
|
| 964 |
|
|
|a Praha - eseje
|
| 990 |
|
|
|a BK
|
| 996 |
7 |
|
|b 2619323524
|c 2-0898.855
|l MZK
|r Sklad / do 1 hodiny
|n 0
|w 000267842
|u 000020
|a 1
|e BOA001
|j MZK50
|s A
|
| 996 |
7 |
|
|b 3119914071
|c PK-0101.609
|l MZK
|r Sklad / do 1 hodiny
|n 10
|w 000267842
|u 000010
|a 1
|e BOA001
|j MZK50
|s A
|